000 00775nam a2200193 i 4500
001 69334
003 ES-MaACL
005 20230906170509.0
007 t|
008 040705s1950 sp ||||1| spa d
100 1 _aGarcía Barriuso, Patronicio.
_954234
245 1 3 _aLa música hispano-musulmana en Marruecos
_b: conferencia pronunciada en el Instituto de Estudios Africanos /
_cPatrocinio García Barriuso.
260 _aMadrid :
_bInstituto de Estudios Africanos,
_c1950.
300 _a56 p. :
_bil. ;
_c24 cm.
500 _aPrecede al tít.: Consejo Superior de Investigaciones Científicas.
710 2 _aConsejo Superior de Investigaciones Científicas (España)
_93236
710 2 _aInstituto de Estudios Africanos.
_94881
852 _aES-MaACL
_j1914-F-2
_bR.30007
999 _c69334
_d69334